Normal view
MARC view
- Ahmad Kaleem Faseeh Haider Bilawal Syed Turab Haider
Entry Personal Name
001 - CONTROL NUMBER
- control field: 85459
003 - CONTROL NUMBER IDENTIFIER
- control field: NUST
005 - DATE AND TIME OF LATEST TRANSACTION
- control field: 20211202155443.0
008 - FIXED-LENGTH DATA ELEMENTS
- fixed length control field: 211202|| aca||aabn | a|a d
040 ## - CATALOGING SOURCE
- Original cataloging agency: NUST
- Transcribing agency: NUST
100 ## - HEADING--PERSONAL NAME
- Personal name: Ahmad Kaleem Faseeh Haider Bilawal Syed Turab Haider
670 ## - SOURCE DATA FOUND
- Source citation: Work cat.: (NUST): Ahmad Kaleem Faseeh Haider Bilawal Syed Turab Haider , PR-SOF-2014-Development of Piezoelectric Material Based Car Parking Sensor, 2021.
